000 00831nmm a2200265 a 4500
001 ocm000605000
003 TR-IsHL
005 20201028135139.0
008 131203s2011 tu tur
007 cr cn
020 _a9789944979511
035 _a605000
_b(N$T)
050 0 4 _aPL248.U85
_bM4 2011
090 0 4 _aPL248.U85
_bM4 2011
100 1 _aUslu, Vahittin
245 1 0 _aMektepli'nin iki tekeri
_h[electronic resource] /
_cVahittin Uslu
260 _aİstanbul :
_bAvrupa Yakası Yayınları,
_c2011
300 _a197 p.
650 4 _aDil ve Edebiyat
650 4 _aLanguage and Literature
650 0 _aTürk şiiri
650 0 _aTurkish poetry
650 7 _aLITERARY COLLECTIONS / Middle Eastern
_2bisacsh
856 4 0 _uhttp://search.ebscohost.com/login.aspx?direct=true&scope=site&db=e011xww&AN=605000
999 _c6584
_d6584